• 首页
  • 本馆介绍
  • 公告通知
  • 最新文献
  • 馆藏检索
  • 电子资源
  • 读者导购
  • 参考咨询
  • 我的图书馆
  • 登录
  • 详细信息显示
  • 放入我的书架
  • 预约/预借图书
  • 作者相关作品
  • 分类相关作品
  • 丛书相关作品
  • 出版社相关作品

书目信息

  • 表格格式
  • 工作单格式
  • 卡片格式
书名: The song of youth
作者: Yang Mo ; [translated by Nan Ying ; illustrated by Hou Yi-Min].
分册号:
分册名:
出版地: Peking :
 
出版社: Foreign Languages Press
出版时间: 1978.
页数: ii, 613 p., [8] leaves of plates :
开本: 22 cm.
丛书名:
中图分类号:
科图分类号:
其他分类号: H319.4
主题词:
电子资源:
000 00618nam 2200193Ii 4504
001 E0732402431
005 20070227090019.48
008 030504s1978 cc ac 00011 eng d
040    @aDRB@cDRB@dMIA
041 1  @achieng
090    @aK276/W14/1978
090    @aH319.4
099    @dH319.4@ex126=3
100 1  @aYang, Mo (杨沫).
240 00 @aQing chun zhi ge (青春之歌)
245 14 @aThe song of youth / @cYang Mo ; [translated by Nan Ying ; illustrated by Hou Yi-Min].
250    @a3rd ed.
260 0  @aPeking :@bForeign Languages Press,@c1978.
300    @aii, 613 p., [8] leaves of plates :@bill., port. ;@c22 cm.
    
    The song of youth / / Yang Mo ; [translated by Nan Ying ; illustrated by Hou Yi-Min].-3rd ed.-Peking : : Foreign Languages Press, , 1978.
    ii, 613 p., [8] leaves of plates : : ill., port. ; ; 22 cm.
    
    
    ISBN
    
●
相关链接 在E读中查询图书 在五车中查询图书 在当当中查询图书 在豆瓣中查询图书


正题名:song of youth     索取号:H319.4/x126=3         预约/预借

序号 登录号 条形码 馆藏地/架位号 状态 备注
1 28202   001195316   第四借阅区/ [索取号:H319.4/x126=3] 在馆    
2 28211   001195361   第四借阅区/ [索取号:H319.4/x126=3] 在馆    
3 87357   001195325   第二样本阅览室/ [索取号:H319.4/x126=3] 在馆    
唐山师范学院图书馆 欢迎您!
大连网信软件有限公司© 版权所有